| 000 | 02016nam0a2200289 4500 | ||
|---|---|---|---|
| 001 | v19\rc\1647643 | ||
| 005 | 20250619002046.0 | ||
| 035 | _a(NLR Aleph) 004759570 | ||
| 090 |
_a4576335 _c4576335 |
||
| 100 | _a20061002d1887 |||y0rusy50 ca | ||
| 101 | 0 | _arus | |
| 102 | _aRU | ||
| 105 | _ay z ||||| | ||
| 200 | 1 |
_aСвятая икона Божией Матери "Достойно есть", находящаяся в селе Юрьевском, Котельническаго уезда _fСообщено Ф. Е. Садыриным |
|
| 210 |
_a[Москва] _cТипография И. Ефимова _dценз. 1887 |
||
| 215 |
_a8 с. _d22 |
||
| 225 | 1 |
_aБлагословение Обители Св. Пантелеимона _v94 |
|
| 300 | _aАвт. указан в конце текста | ||
| 309 | _aБез тит. л. и обл. | ||
| 316 |
_aЭкз. РНБ входит в конволют. Приплетено к.: О духовном значении и силе священническаго благословения : (из слов Высокопреосвященнейшаго Сергия, Архиепископа Херсонскаго и Одесскаго) . Москва : Типо-Литография И. Ефимова , ценз. 1893 _5NLR |
||
| 482 | 0 |
_1001v19\rc\1263649 _95229905 _cМосква _dценз. 1893 _nТипо-Литография И. Ефимова _o(из слов Высокопреосвященнейшаго Сергия, Архиепископа Херсонскаго и Одесскаго) _p4 с. _tО духовном значении и силе священническаго благословения |
|
| 518 | 1 | _aСвятая икона Божьей Матери "Достойно есть", находящаяся в селе Юрьевском, Котельнического уезда | |
| 700 | 1 |
_aСадырин _bФ. Е. |
|
| 852 |
_aNLR _j18.257.1.77(89) |
||
| 942 | _cBOOK | ||
| 980 | _aNB | ||